000 00438nam a2200181Ia 4500
001 20905
005 20260306172840.0
008 260306t2017||||xx |||||||||||||| ||spa||
041 _aESP
082 _a343.8
_bO97
100 _aOyola Lázaro, Cynthia
_eAUT
245 0 _aTratamiento del crédito fiscal del IGV
260 _c2017
300 _a47 páginas :
_c24 cm.
650 _aGEN
654 _aCCO
942 _cLIB
_dJUS
_fJUS
_2ddc
_n
999 _c20905
_d20905